Interpriting Indian History (Record no. 4982)

MARC details
000 -LEADER
fixed length control field 00470cam a2200181ua 4500
001 - CONTROL NUMBER
control field 5833
005 - DATE AND TIME OF LATEST TRANSACTION
control field 20260515113936.0
008 - FIXED-LENGTH DATA ELEMENTS--GENERAL INFORMATION
fixed length control field 131023n ii |||gr||||Z||||||eng
040 ## - CATALOGING SOURCE
Transcribing agency MAIN
082 ## - DEWEY DECIMAL CLASSIFICATION NUMBER
Classification number 954
245 11 - TITLE STATEMENT
Title Interpriting Indian History
Statement of responsibility, etc. By Irfan Habib
260 ## - PUBLICATION, DISTRIBUTION, ETC.
Place of publication, distribution, etc. Shillong:
Name of publisher, distributor, etc. North-Eastern Hill University Publications.
300 ## - PHYSICAL DESCRIPTION
Extent x,59p.
653 ## - INDEX TERM--UNCONTROLLED
Uncontrolled term History
653 ## - INDEX TERM--UNCONTROLLED
Uncontrolled term Interpriting Indian History
700 1# - ADDED ENTRY--PERSONAL NAME
Personal name Habib,Irfan,
Relator term Author.
942 ## - ADDED ENTRY ELEMENTS (KOHA)
Koha item type Books
Holdings
Withdrawn status Lost status Damaged status Not for loan Home library Current library Shelving location Date acquired Total checkouts Full call number Barcode Date last seen Copy number Price effective from Koha item type
        Naharkatiya College Library Naharkatiya College Library General stacks 09/19/2020   954 | HAB 17667 09/19/2020 1 09/19/2020 Books